000 00284nam a2200097Ia 4500
082 _aLP AF WYLI
245 0 _aHaar enigste valentyn
100 _a WYLIE, Trish Parklands [Johannesburg], 2009 Afrikaanse uitg
_995100
942 _cBK
008 210817s9999 xx 000 0 und d
999 _c392931
_d392930